000 00445nam a2200193Ia 4500
005 20240823021655.0
008 240823s9999||||xx |||||||||||||| ||und||
020 _a81 7371 449 5
041 _aENGLISH
082 _A515.2433 P3
100 _aBlatter Christian
245 0 _aWavelets : A Primer
250 _a1st
260 _c2003
_b"UP,Hyd"
_aHydrabad
500 _aYES
650 _aWave
_bMathematics
942 _cBK
999 _c177504
_d177504